[Event "Liga Madrileña - DH 2011-2012"]
[Site "Madrid ESP"]
[Date "2011.12.18"]
[Round "5.14"]
[White "Suarez Uriel, Adrian"]
[Black "Sanchez Gonzalez, Sergio"]
[Result "1/2-1/2"]
[WhiteElo "2238"]
[BlackElo "2286"]
[PlyCount "103"]
[EventDate "2011.11.13"]
[EventType "team"]
[EventRounds "14"]
[EventCountry "ESP"]
[Source "lmi"]
[SourceDate "2011.11.13"]
[WhiteTeam "La Casa del Ajedrez"]
[BlackTeam "Amigos del Retiro"]
[WhiteTeamCountry "ESP"]
[BlackTeamCountry "ESP"]

1. e4 c5 2. Ne2 e6 3. Nbc3 d6 4. d4 cxd4 5. Nxd4 Nf6 6. g4 h6 7. h3 Nc6 8. Bg2
a6 9. Be3 Ne5 10. Qe2 Qc7 11. f4 Nc4 12. O-O-O Bd7 13. Bf2 Rc8 14. Rd3 b5 15.
Re1 b4 16. Nd5 exd5 17. exd5+ Kd8 18. b3 Na3 19. g5 hxg5 20. fxg5 Ng8 21. Re3
Qa5 22. Re8+ Kc7 23. Rxc8+ Kxc8 24. Nc6 Bxc6 25. dxc6 Ne7 26. h4 Qb5 27. Qf3 f5
28. gxf6 gxf6 29. Qxf6 Qf5 30. Bh3 Qxh3 31. Qxh8 Qf5 32. Re2 Kc7 33. Qd4 Kxc6
34. Qb6+ Kd7 35. Qxb4 Nb5 36. c4 Qd3 37. Qd2 Qc3+ 38. Qxc3 Nxc3 39. Rc2 Bh6+
40. Kb2 Nd1+ 41. Ka3 Nc6 42. b4 Ne5 43. Kb3 Nf3 44. Re2 Nd2+ 45. Kc2 Nxf2 46.
Rxf2 Nxc4 47. Rf6 Bd2 48. Kd3 d5 49. Rxa6 Bxb4 50. Kd4 Kc7 51. Kxd5 Nb6+ 52.
Kd4 1/2-1/2

[Event "Liga Madrileña - DH 2011-2012"]
[Site "Madrid ESP"]
[Date "2011.12.18"]
[Round "5.15"]
[White "Vallejo Diaz, Jesus"]
[Black "Unciti Juan, Javier"]
[Result "1-0"]
[WhiteElo "2258"]
[BlackElo "2143"]
[PlyCount "37"]
[EventDate "2011.11.13"]
[EventType "team"]
[EventRounds "14"]
[EventCountry "ESP"]
[Source "lmi"]
[SourceDate "2011.11.13"]
[WhiteTeam "Amigos del Retiro"]
[BlackTeam "La Casa del Ajedrez"]
[WhiteTeamCountry "ESP"]
[BlackTeamCountry "ESP"]

1. e4 e6 2. d4 d5 3. Nd2 dxe4 4. Nxe4 Nf6 5. Nxf6+ gxf6 6. g3 Qd5 7. Nf3 Bd7 8.
Bg2 Bc6 9. O-O Bg7 10. Bf4 Na6 11. Nh4 Qd7 12. d5 Bxd5 13. Bxd5 exd5 14. Re1+
Kd8 15. Qh5 c6 16. c4 d4 17. Nf5 Bf8 18. Nxd4 Bc5 19. Nb3 1-0

[Event "Liga Madrileña - DH 2011-2012"]
[Site "Madrid ESP"]
[Date "2011.12.18"]
[Round "5.16"]
[White "Collado Barbas, Laura"]
[Black "Paredes Sanchez, Juan"]
[Result "0-1"]
[WhiteElo "2078"]
[BlackElo "2206"]
[PlyCount "72"]
[EventDate "2011.11.13"]
[EventType "team"]
[EventRounds "14"]
[EventCountry "ESP"]
[Source "lmi"]
[SourceDate "2011.11.13"]
[WhiteTeam "La Casa del Ajedrez"]
[BlackTeam "Amigos del Retiro"]
[WhiteTeamCountry "ESP"]
[BlackTeamCountry "ESP"]

1. d4 Nf6 2. c4 g6 3. Nc3 Bg7 4. e4 d6 5. Nf3 O-O 6. h3 e5 7. d5 Na6 8. Bg5 h6
9. Be3 Nc5 10. Nd2 a5 11. Be2 Bd7 12. g4 c6 13. h4 a4 14. g5 hxg5 15. hxg5 Nh7
16. Nf3 cxd5 17. Nxd5 Bc6 18. Bxc5 dxc5 19. Qd2 Re8 20. O-O-O Nf8 21. Qe3 Ne6
22. Nf6+ Bxf6 23. Rxd8 Bxd8 24. Bd3 Kg7 25. Kb1 Bc7 26. Bc2 Rh8 27. Rd1 Rh3 28.
Rd3 Nd4 29. Bd1 Ba5 30. a3 Rd8 31. Be2 b5 32. cxb5 Bxb5 33. Nxd4 Bxd3+ 34. Qxd3
Rxd3 35. Nc6 Rd2 36. Ba6 Ra8 0-1

[Event "Liga Madrileña - DH 2011-2012"]
[Site "Madrid ESP"]
[Date "2011.12.18"]
[Round "5.21"]
[White "Alcazar Jimenez, Victor Manuel"]
[Black "Arribas Lopez, Angel"]
[Result "0-1"]
[WhiteElo "2379"]
[BlackElo "2487"]
[PlyCount "46"]
[EventDate "2011.11.13"]
[EventType "team"]
[EventRounds "14"]
[EventCountry "ESP"]
[Source "lmi"]
[SourceDate "2011.11.13"]
[WhiteTeam "Blanco y Negro"]
[BlackTeam "Leganes"]
[WhiteTeamCountry "ESP"]
[BlackTeamCountry "ESP"]

1. c4 Nf6 2. Nc3 e5 3. e3 Bb4 4. Nge2 O-O 5. a3 Be7 6. g3 d5 7. cxd5 Nxd5 8.
Qc2 Nc6 9. Bg2 Be6 10. O-O Nb6 11. d3 a5 12. b3 Qd7 13. Rd1 Rad8 14. Bb2 a4 15.
Nxa4 Na5 16. Nxb6 cxb6 17. Nc1 Rc8 18. Qd2 Bxb3 19. Bxe5 Bxd1 20. Qxd1 Nc4 21.
Bd4 Nxa3 22. Qh5 Nc2 23. Bh3 f5 0-1

[Event "Liga Madrileña - DH 2011-2012"]
[Site "Madrid ESP"]
[Date "2011.12.18"]
[Round "5.22"]
[White "Cesar Benavides, Juan Antonio"]
[Black "Alarcia Astiz, Carlos"]
[Result "0-1"]
[WhiteElo "2161"]
[BlackElo "2313"]
[PlyCount "49"]
[EventDate "2011.11.13"]
[EventType "team"]
[EventRounds "14"]
[EventCountry "ESP"]
[Source "lmi"]
[SourceDate "2011.11.13"]
[WhiteTeam "Leganes"]
[BlackTeam "Blanco y Negro"]
[WhiteTeamCountry "ESP"]
[BlackTeamCountry "ESP"]

1. d4 Nf6 2. c4 e6 3. Nf3 d5 4. g3 Be7 5. Bg2 O-O 6. O-O Nbd7 7. b3 Ne4 8. Bb2
a5 9. Nbd2 Nxd2 10. Nxd2 c6 11. e4 dxe4 12. Nxe4 Nf6 13. Nc5 Qc7 14. Qf3 Nd7
15. Nd3 Bf6 16. Rfd1 a4 17. Bc3 Rd8 18. Nc5 axb3 19. axb3 Rxa1 20. Rxa1 Nb8 21.
Qe3 h6 22. Ne4 Be7 23. d5 cxd5 24. Qd4 e5 25. h4 0-1

[Event "Liga Madrileña - DH 2011-2012"]
[Site "Madrid ESP"]
[Date "2011.12.18"]
[Round "5.23"]
[White "Rivas Vila, David"]
[Black "Prieto Martin, Alfonso"]
[Result "0-1"]
[WhiteElo "2216"]
[BlackElo "2158"]
[PlyCount "88"]
[EventDate "2011.11.13"]
[EventType "team"]
[EventRounds "14"]
[EventCountry "ESP"]
[Source "lmi"]
[SourceDate "2011.11.13"]
[WhiteTeam "Blanco y Negro"]
[BlackTeam "Leganes"]
[WhiteTeamCountry "ESP"]
[BlackTeamCountry "ESP"]

1. e4 c5 2. Nc3 e6 3. Nge2 Nc6 4. g3 g6 5. d4 d5 6. exd5 exd5 7. Bg2 cxd4 8.
Nxd5 Be6 9. Ndf4 Qd7 10. O-O O-O-O 11. Re1 Bg4 12. f3 Bf5 13. g4 Be6 14. Nxe6
fxe6 15. Nf4 e5 16. Nd3 Bd6 17. f4 exf4 18. Bxf4 Nf6 19. g5 Nh5 20. Bxd6 Qxd6
21. Qg4+ Kb8 22. Re6 Qc7 23. Rf1 Ng7 24. Nc5 Qb6 25. Qf4+ Ka8 26. Na4 Qb5 27.
Rxc6 bxc6 28. Qc7 Rc8 29. Qxg7 Qxa4 30. Rf6 Rhd8 31. Qe7 Rd5 32. Rf7 Qa6 33.
Qe6 Rxg5 34. h4 Rg3 35. Qd6 Rxg2+ 36. Kxg2 Qe2+ 37. Kg3 Qe1+ 38. Kg2 Qe4+ 39.
Kg1 Qg4+ 40. Kf1 Qd1+ 41. Kg2 Qxc2+ 42. Kg3 Qd3+ 43. Kg4 Qe4+ 44. Rf4 Qg2# 0-1

[Event "Liga Madrileña - DH 2011-2012"]
[Site "Madrid ESP"]
[Date "2011.12.18"]
[Round "5.24"]
[White "Ballester de Miguel, Miguel Angel"]
[Black "Aguado Solana, Juan"]
[Result "0-1"]
[WhiteElo "2070"]
[BlackElo "2050"]
[PlyCount "63"]
[EventDate "2011.11.13"]
[EventType "team"]
[EventRounds "14"]
[EventCountry "ESP"]
[Source "lmi"]
[SourceDate "2011.11.13"]
[WhiteTeam "Leganes"]
[BlackTeam "Blanco y Negro"]
[WhiteTeamCountry "ESP"]
[BlackTeamCountry "ESP"]

1. e4 c5 2. Nf3 d6 3. d4 cxd4 4. Nxd4 Nf6 5. Nc3 a6 6. Bc4 e6 7. Bb3 b5 8. O-O
Be7 9. f4 O-O 10. f5 e5 11. Nde2 b4 12. Nd5 Nxe4 13. Nxe7+ Qxe7 14. Bd5 Bb7 15.
Bxe4 Bxe4 16. Ng3 d5 17. Qg4 Nd7 18. Nxe4 dxe4 19. Qxe4 Nf6 20. Qh4 Qc5+ 21.
Rf2 Rfd8 22. Bg5 Rd4 23. Qg3 Rad8 24. Be3 Ne4 25. Qf3 Nxf2 26. Bxf2 Qxc2 27.
Bxd4 exd4 28. Re1 d3 29. Qd5 Qc8 30. Qb3 Qc5+ 31. Kh1 d2 32. Rd1 0-1

[Event "Liga Madrileña - DH 2011-2012"]
[Site "Madrid ESP"]
[Date "2011.12.18"]
[Round "5.25"]
[White "Alba Linero, Emilio"]
[Black "Lopez de Turiso, Jose Angel"]
[Result "1-0"]
[WhiteElo "2015"]
[BlackElo "2065"]
[PlyCount "105"]
[EventDate "2011.11.13"]
[EventType "team"]
[EventRounds "14"]
[EventCountry "ESP"]
[Source "lmi"]
[SourceDate "2011.11.13"]
[WhiteTeam "Blanco y Negro"]
[BlackTeam "Leganes"]
[WhiteTeamCountry "ESP"]
[BlackTeamCountry "ESP"]

1. d4 Nf6 2. Nf3 g6 3. Nc3 Bg7 4. e4 d6 5. Be3 c6 6. Qd2 Ng4 7. Bg5 h6 8. Bh4
O-O 9. h3 Nf6 10. Bd3 Qe8 11. e5 dxe5 12. dxe5 Nd5 13. O-O b6 14. Rfe1 Nxc3 15.
Qxc3 Be6 16. a4 g5 17. Bg3 c5 18. a5 Nc6 19. Be4 Rb8 20. axb6 axb6 21. Qe3 Qc8
22. c3 Qc7 23. Bc2 Ra8 24. Qe4 Rfd8 25. Rxa8 Rxa8 26. h4 g4 27. Nh2 Qd7 28. Rd1
Qxd1+ 29. Bxd1 Ra1 30. Qxc6 Rxd1+ 31. Nf1 Bc4 32. Qc8+ Kh7 33. Qxg4 Rxf1+ 34.
Kh2 Bd3 35. Qf3 c4 36. Qxf7 Re1 37. Qxe7 Re2 38. e6 Bf5 39. Qc7 Bxe6 40. Qxb6
Bd5 41. Qc5 Be6 42. Qd6 Kg6 43. b3 Kh7 44. bxc4 Bxc4 45. Qc6 Bd3 46. Qf3 Ba6
47. Qf5+ Kh8 48. Qa5 Bc4 49. Qa8+ Kh7 50. Qc6 Bd3 51. Qd5 Ba6 52. c4 Re8 53.
Qc6 1-0

[Event "Liga Madrileña - DH 2011-2012"]
[Site "Madrid ESP"]
[Date "2011.12.18"]
[Round "5.26"]
[White "Pedrajas Estepa, Manuel"]
[Black "Garcia Dorado, Alberto"]
[Result "1/2-1/2"]
[WhiteElo "2044"]
[BlackElo "2048"]
[PlyCount "130"]
[EventDate "2011.11.13"]
[EventType "team"]
[EventRounds "14"]
[EventCountry "ESP"]
[Source "lmi"]
[SourceDate "2011.11.13"]
[WhiteTeam "Leganes"]
[BlackTeam "Blanco y Negro"]
[WhiteTeamCountry "ESP"]
[BlackTeamCountry "ESP"]

1. e4 d5 2. exd5 Nf6 3. Nc3 Nxd5 4. Bc4 Nb6 5. Bb3 Nc6 6. Nf3 e5 7. h3 Bd6 8.
O-O O-O 9. Re1 Re8 10. d3 Be6 11. Be3 Bxb3 12. axb3 f5 13. Nb5 Nc8 14. c3 a6
15. b4 h6 16. Qb3+ Kh7 17. Qf7 Rf8 18. Qh5 Qe8 19. Qxe8 Rxe8 20. Bc5 Re7 21.
Nd2 Rb8 22. Na3 Rd7 23. Nf3 N8e7 24. Bxd6 cxd6 25. b5 axb5 26. Nxb5 Nd5 27. g3
Nc7 28. Nxc7 Rxc7 29. Nd2 b5 30. Ra6 d5 31. Rxc6 Rxc6 32. Rxe5 b4 33. Rxf5 bxc3
34. bxc3 Rd8 35. c4 dxc4 36. Nxc4 Rxd3 37. Ne3 Rd2 38. Nd5 Re6 39. Nf4 Red6 40.
h4 Kg8 41. Nh3 Rc6 42. Kg2 Rc1 43. h5 Rcc2 44. g4 Rd4 45. Kg3 Rc3+ 46. f3 Rdd3
47. Nf2 Rd4 48. Nh3 Rdd3 49. Nf2 Rd8 50. Ne4 Rc2 51. g5 hxg5 52. Rxg5 Kh7 53.
Rg6 Rd1 54. Ng5+ Kh8 55. h6 gxh6 56. Rxh6+ Kg7 57. Re6 Rg1+ 58. Kf4 Rh2 59. Kf5
Rh6 60. Re7+ Kf8 61. Rb7 Rf1 62. Rb8+ Ke7 63. Rb7+ Kf8 64. Rb8+ Ke7 65. Rb7+
Kf8 1/2-1/2

[Event "Liga Madrileña - DH 2011-2012"]
[Site "Madrid ESP"]
[Date "2011.12.18"]
[Round "5.31"]
[White "Almagro Llamas, Pablo"]
[Black "Vazquez Igarza, Renier"]
[Result "1/2-1/2"]
[WhiteElo "2461"]
[BlackElo "2566"]
[PlyCount "70"]
[EventDate "2011.11.13"]
[EventType "team"]
[EventRounds "14"]
[EventCountry "ESP"]
[Source "lmi"]
[SourceDate "2011.11.13"]
[WhiteTeam "Virgen de Atocha"]
[BlackTeam "Collado Villalba"]
[WhiteTeamCountry "ESP"]
[BlackTeamCountry "ESP"]

1. c4 e5 2. g3 Nc6 3. Bg2 f5 4. Nc3 Nf6 5. e3 g6 6. Nge2 Bg7 7. d3 d6 8. a3 Ne7
9. b4 c6 10. b5 d5 11. bxc6 bxc6 12. cxd5 cxd5 13. a4 Be6 14. Ba3 Qd7 15. Rb1
O-O 16. Rb5 Rfd8 17. Qb1 Nc6 18. O-O Rab8 19. Rc1 Bh6 20. Nxd5 Nxd5 21. Rxc6
Qxc6 22. Rxb8 Rc8 23. Rxc8+ Qxc8 24. Qb5 a6 25. Qa5 Qc6 26. Bc5 Bf8 27. Bxf8
Kxf8 28. Qd8+ Kf7 29. h4 Qb6 30. Qxb6 Nxb6 31. a5 Na4 32. d4 Bc4 33. Bf1 Kf6
34. f3 Nb2 35. Nc3 Ke6 1/2-1/2

[Event "Liga Madrileña - DH 2011-2012"]
[Site "Madrid ESP"]
[Date "2011.12.18"]
[Round "5.32"]
[White "Moreno Ruiz, Javier"]
[Black "Martinez Martin, David"]
[Result "1-0"]
[WhiteElo "2513"]
[BlackElo "2395"]
[PlyCount "167"]
[EventDate "2011.11.13"]
[EventType "team"]
[EventRounds "14"]
[EventCountry "ESP"]
[Source "lmi"]
[SourceDate "2011.11.13"]
[WhiteTeam "Collado Villalba"]
[BlackTeam "Virgen de Atocha"]
[WhiteTeamCountry "ESP"]
[BlackTeamCountry "ESP"]

1. e4 e6 2. d4 d5 3. exd5 exd5 4. Nf3 Nc6 5. c4 Bb4+ 6. Nc3 Nge7 7. Bd3 Bg4 8.
Be3 dxc4 9. Bxc4 O-O 10. O-O Nf5 11. Qd3 Nd6 12. Bd5 Ne7 13. Bg5 h6 14. Bxe7
Qxe7 15. Rfe1 Qf6 16. Ne5 Bf5 17. Qf3 c6 18. Bb3 Rad8 19. Re3 Be6 20. Qxf6 gxf6
21. Nd3 Bxb3 22. axb3 a5 23. Rf3 f5 24. d5 Ne4 25. dxc6 bxc6 26. Ne5 Rfe8 27.
Nxc6 Rd2 28. Rxf5 Nxc3 29. bxc3 Bxc3 30. Rc1 Rc2 31. Rf1 Ra2 32. g3 Ree2 33.
Rf3 Bg7 34. Rd1 a4 35. bxa4 Rxa4 36. Rd8+ Bf8 37. Nd4 Re1+ 38. Kg2 Re7 39. Nf5
Re6 40. Rb3 Rf6 41. Ne3 Kg7 42. Rbb8 Ra2 43. Ng4 Rfxf2+ 44. Nxf2 Bc5 45. Rg8+
Kf6 46. Rbc8 Rxf2+ 47. Kh3 Be3 48. Rc6+ Ke7 49. Rg4 Bg5 50. Rgc4 Kf8 51. Rc2
Rf1 52. Kg2 Rf5 53. h4 Bf6 54. Rf2 Rxf2+ 55. Kxf2 Kg7 56. h5 Be5 57. Kf3 Bf6
58. Ke4 Bg5 59. g4 Kf8 60. Rc7 Kg7 61. Ke5 Bh4 62. Rc6 Bg3+ 63. Kd5 Bf4 64. Ra6
Bd2 65. Ra2 Be3 66. Ra3 Bd2 67. Rd3 Bb4 68. Ke5 Be7 69. Rd7 Bh4 70. Rb7 Bg3+
71. Kd5 Bh4 72. Rb3 Bg5 73. Ke5 Be7 74. Rf3 Kf8 75. Kd5 Bg5 76. Kd6 Be7+ 77.
Kd7 Bg5 78. Ra3 Bf4 79. Ra8+ Kg7 80. Ke7 Be3 81. Ra6 Bd4 82. Ke8 Be3 83. Rd6
Kg8 84. Rf6 1-0

[Event "Liga Madrileña - DH 2011-2012"]
[Site "Madrid ESP"]
[Date "2011.12.18"]
[Round "5.33"]
[White "Gara, Ticia"]
[Black "Reyes Larenas, Juan"]
[Result "0-1"]
[WhiteElo "2375"]
[BlackElo "2437"]
[PlyCount "108"]
[EventDate "2011.11.13"]
[EventType "team"]
[EventRounds "14"]
[EventCountry "ESP"]
[Source "lmi"]
[SourceDate "2011.11.13"]
[WhiteTeam "Virgen de Atocha"]
[BlackTeam "Collado Villalba"]
[WhiteTeamCountry "ESP"]
[BlackTeamCountry "ESP"]

1. e4 e5 2. Nf3 Nc6 3. Bb5 Bc5 4. O-O Nge7 5. c3 Bb6 6. d4 exd4 7. cxd4 d5 8.
exd5 Nxd5 9. Re1+ Be6 10. Nc3 O-O 11. Bg5 Qd6 12. Ne4 Qb4 13. Bxc6 bxc6 14. Qc2
Bxd4 15. Nxd4 Qxd4 16. Rad1 Qb6 17. a3 Rab8 18. Rd2 Rfe8 19. Be3 Nxe3 20. Rxe3
Bd5 21. Rde2 Bxe4 22. Rxe4 Rxe4 23. Qxe4 g6 24. h4 Qb5 25. g3 Qd5 26. Qe7 Qd6
27. Qe3 Rb5 28. Kh2 a5 29. Rc2 Re5 30. Qf4 Rf5 31. Qe4 Kg7 32. Kg2 c5 33. Re2
Rd5 34. Qe8 h5 35. Re7 Rf5 36. Qd7 Qf6 37. Re2 Qb6 38. Qd3 Qc6+ 39. Qe4 Qd6 40.
Qe3 Qd4 41. Qe7 Qd5+ 42. Qe4 Qd4 43. Qc6 Qd1 44. Qe4 c6 45. Rc2 Rd5 46. Rc3 Rf5
47. Qxc6 Qe2 48. Rf3 Rxf3 49. Qxf3 Qxb2 50. Qd3 Qd4 51. Qb3 c4 52. Qb5 c3 53.
Qxa5 c2 54. Qc7 Qb2 0-1

[Event "Liga Madrileña - DH 2011-2012"]
[Site "Madrid ESP"]
[Date "2011.12.18"]
[Round "5.34"]
[White "Taboas Rodriguez, Daniel"]
[Black "Rabadan Velasco, Raul"]
[Result "1/2-1/2"]
[WhiteElo "2418"]
[BlackElo "2353"]
[PlyCount "116"]
[EventDate "2011.11.13"]
[EventType "team"]
[EventRounds "14"]
[EventCountry "ESP"]
[Source "lmi"]
[SourceDate "2011.11.13"]
[WhiteTeam "Collado Villalba"]
[BlackTeam "Virgen de Atocha"]
[WhiteTeamCountry "ESP"]
[BlackTeamCountry "ESP"]

1. d4 d5 2. Bf4 Nc6 3. e3 Nf6 4. c4 e6 5. Nc3 Bd6 6. Bxd6 Qxd6 7. Nf3 O-O 8.
Be2 Rd8 9. O-O Qe7 10. cxd5 exd5 11. a3 Bg4 12. Ne5 Bxe2 13. Nxc6 bxc6 14. Qxe2
c5 15. dxc5 Qxc5 16. Rac1 Qe7 17. b4 a5 18. Nb5 Rd7 19. Qb2 axb4 20. Qxb4 Qxb4
21. axb4 Ne8 22. Rc5 Rb8 23. Rd1 c6 24. Nd4 Rxb4 25. Nxc6 Rbb7 26. g4 Rbc7 27.
Rdc1 Kf8 28. g5 f6 29. h4 fxg5 30. hxg5 Rd6 31. Nd4 Rxc5 32. Rxc5 h6 33. f4
hxg5 34. fxg5 Kf7 35. Kf2 Rd7 36. Kf3 g6 37. Kf4 Ng7 38. Rc6 Nh5+ 39. Ke5 Ng3
40. Rf6+ Ke8 41. Rxg6 Ne4 42. Nf5 Kf8 43. Nd4 Kf7 44. Rh6 Nxg5 45. Nf5 Nf3+ 46.
Kf4 Nd2 47. Rh7+ Ke6 48. Rh6+ Kf7 49. Rh2 Nc4 50. Kg5 Ke6 51. Rh8 Rf7 52. Re8+
Kd7 53. Ra8 Kc6 54. Kg6 Ne5+ 55. Kg5 Nd3 56. Rc8+ Kb6 57. Rd8 Kc5 58. Rc8+ Kb6
1/2-1/2

[Event "Liga Madrileña - DH 2011-2012"]
[Site "Madrid ESP"]
[Date "2011.12.18"]
[Round "5.35"]
[White "Rudolf, Anna"]
[Black "Cao Armillas, Jesus"]
[Result "1-0"]
[WhiteElo "2352"]
[BlackElo "2174"]
[PlyCount "97"]
[EventDate "2011.11.13"]
[EventType "team"]
[EventRounds "14"]
[EventCountry "ESP"]
[Source "lmi"]
[SourceDate "2011.11.13"]
[WhiteTeam "Virgen de Atocha"]
[BlackTeam "Collado Villalba"]
[WhiteTeamCountry "ESP"]
[BlackTeamCountry "ESP"]

1. e4 c5 2. Nf3 d6 3. d4 cxd4 4. Nxd4 Nf6 5. Nc3 a6 6. Be2 e5 7. Nb3 Be7 8. O-O
O-O 9. a4 Be6 10. Bf3 Nbd7 11. Re1 Rb8 12. Be3 Qc7 13. Nd2 Rfc8 14. a5 b5 15.
axb6 Nxb6 16. Rxa6 Nc4 17. Nxc4 Qxc4 18. Ra4 Qc6 19. Qa1 Bd8 20. Rc1 h6 21. h3
Ra8 22. Ba7 Bc4 23. b3 Be6 24. Ne2 Qb7 25. Ng3 Nd7 26. Be2 Qc6 27. Ra6 Qc7 28.
Bb5 Bg5 29. Be3 Rxa6 30. Qxa6 Bxe3 31. fxe3 Bxb3 32. Nf5 Rd8 33. Qxd6 Qxd6 34.
Nxd6 Be6 35. Nc4 f6 36. Rd1 Rc8 37. Bxd7 Bxd7 38. Nb6 Bg4 39. hxg4 Rxc2 40. Rd7
Re2 41. Nd5 Kf8 42. Kf1 Ra2 43. Ne7 Ke8 44. Rb7 Ra4 45. Nf5 Kf8 46. Rxg7 Rxe4
47. Kf2 Ra4 48. Kg3 Ra3 49. Rh7 1-0

[Event "Liga Madrileña - DH 2011-2012"]
[Site "Madrid ESP"]
[Date "2011.12.18"]
[Round "5.36"]
[White "Bote Alvarez-Carrasco, Valentin"]
[Black "Perez de Aranda Alonso, Leonardo"]
[Result "0-1"]
[WhiteElo "2160"]
[BlackElo "2117"]
[PlyCount "97"]
[EventDate "2011.11.13"]
[EventType "team"]
[EventRounds "14"]
[EventCountry "ESP"]
[Source "lmi"]
[SourceDate "2011.11.13"]
[WhiteTeam "Collado Villalba"]
[BlackTeam "Virgen de Atocha"]
[WhiteTeamCountry "ESP"]
[BlackTeamCountry "ESP"]

1. Nf3 d5 2. d4 Nf6 3. g3 c6 4. Bg2 Bf5 5. O-O h6 6. Nbd2 e6 7. c4 Be7 8. b3
O-O 9. Bb2 Nbd7 10. Ne5 Nxe5 11. dxe5 Nd7 12. e4 dxe4 13. Nxe4 Nc5 14. Qe2 Qd3
15. Qxd3 Nxd3 16. Bc3 Rfd8 17. Rfd1 Rd7 18. Kf1 Rad8 19. Ke2 Bg4+ 20. f3 Bf5
21. Nd2 Bb4 22. Bxb4 Nxb4 23. Nf1 Rxd1 24. Rxd1 Rxd1 25. Kxd1 Nxa2 26. Ne3 Bg6
27. f4 Be4 28. Bf1 Nb4 29. Kd2 c5 30. Be2 Nc6 31. Bd1 g5 32. Ng4 Kg7 33. Nf6
Bg2 34. Ke3 Nd4 35. b4 Nf5+ 36. Kf2 cxb4 37. fxg5 hxg5 38. h4 Bc6 39. hxg5 Kg6
40. g4 Nh4 41. Kg3 Kxg5 42. Nh7+ Kh6 43. Nf6 Ng6 44. g5+ Kxg5 45. Ng4 Kf5 46.
Bc2+ Be4 47. Nh6+ Kxe5 48. Nxf7+ Kd4 49. Bd1 0-1

[Event "Liga Madrileña - DH 2011-2012"]
[Site "Madrid ESP"]
[Date "2011.12.18"]
[Round "5.41"]
[White "Hernandez Gallardo, Francisco Javier"]
[Black "Moreno Trujillo, Alejandro"]
[Result "0-1"]
[WhiteElo "2369"]
[BlackElo "2474"]
[PlyCount "70"]
[EventDate "2011.11.13"]
[EventType "team"]
[EventRounds "14"]
[EventCountry "ESP"]
[Source "lmi"]
[SourceDate "2011.11.13"]
[WhiteTeam "Moratalaz"]
[BlackTeam "64 Villalba"]
[WhiteTeamCountry "ESP"]
[BlackTeamCountry "ESP"]

1. e4 e6 2. d4 d5 3. Nc3 Bb4 4. e5 c5 5. a3 Bxc3+ 6. bxc3 Qa5 7. Bd2 Qa4 8. Qg4
g6 9. Qd1 b6 10. c4 Ba6 11. cxd5 Qxd4 12. Bxa6 Nxa6 13. dxe6 fxe6 14. Ne2 Qc4
15. O-O O-O-O 16. Nc3 Ne7 17. Re1 Rd4 18. Qf3 Rxd2 19. Ne4 Rhd8 20. Qf7 Nc6 21.
Nd6+ R2xd6 22. exd6 Rxd6 23. Qg8+ Rd8 24. Qxh7 Qxc2 25. Rxe6 Nc7 26. Ree1 Rf8
27. Qh4 Kb7 28. h3 Rf7 29. Rf1 Nd4 30. a4 Qf5 31. Ra2 g5 32. Qh5 Rh7 33. Qd1
Nd5 34. a5 Nc3 35. a6+ Kc7 0-1

[Event "Liga Madrileña - DH 2011-2012"]
[Site "Madrid ESP"]
[Date "2011.12.18"]
[Round "5.44"]
[White "Bolado Saez, Sergio"]
[Black "Rodriguez Yuste, Marcelo"]
[Result "1-0"]
[WhiteElo "2361"]
[BlackElo "2234"]
[PlyCount "80"]
[EventDate "2011.11.13"]
[EventType "team"]
[EventRounds "14"]
[EventCountry "ESP"]
[Source "lmi"]
[SourceDate "2011.11.13"]
[WhiteTeam "64 Villalba"]
[BlackTeam "Moratalaz"]
[WhiteTeamCountry "ESP"]
[BlackTeamCountry "ESP"]

1. d4 e6 2. e4 d5 3. Nc3 Bb4 4. e5 c5 5. a3 Bxc3+ 6. bxc3 Qa5 7. Bd2 Qa4 8. Qg4
g6 9. Qd1 b6 10. h4 h6 11. h5 g5 12. f4 gxf4 13. Rh4 Ba6 14. Rxf4 cxd4 15. cxd4
Bxf1 16. Kxf1 Ne7 17. Ne2 Nd7 18. Kg1 Rc8 19. c3 Qc4 20. Nc1 Rh7 21. Qf3 Qa4
22. Qd3 Rg7 23. Ne2 Ng8 24. Raf1 Nf8 25. Qf3 Rc7 26. c4 Qc2 27. Bb4 Nh7 28.
cxd5 Ng5 29. Qe3 exd5 30. Rc1 Qxe2 31. Qxe2 Nh3+ 32. Kh2 Nxf4 33. Qd2 Ne6 34.
Rxc7 Nxc7 35. Qc2 Kd7 36. Bd6 Nb5 37. Qf5+ Kd8 38. Bf8 Nxd4 39. Qf2 Rg4 40.
Qxf7 Nc6 1-0

[Event "Liga Madrileña - DH 2011-2012"]
[Site "Madrid ESP"]
[Date "2011.12.18"]
[Round "5.45"]
[White "Ramirez Garcia, Jorge Alberto"]
[Black "Gongora Montes, Benjamin"]
[Result "1-0"]
[WhiteElo "2177"]
[BlackElo "2217"]
[PlyCount "115"]
[EventDate "2011.11.13"]
[EventType "team"]
[EventRounds "14"]
[EventCountry "ESP"]
[Source "lmi"]
[SourceDate "2011.11.13"]
[WhiteTeam "Moratalaz"]
[BlackTeam "64 Villalba"]
[WhiteTeamCountry "ESP"]
[BlackTeamCountry "ESP"]

1. d4 Nf6 2. Nc3 e6 3. e4 d5 4. e5 Nfd7 5. f4 c5 6. Nf3 Nc6 7. Be3 a6 8. Qd2 b5
9. a3 Be7 10. Nd1 cxd4 11. Nxd4 Bb7 12. Bd3 O-O 13. O-O Nc5 14. Nf2 Qc7 15. c3
Rad8 16. Qc2 h6 17. Rfe1 Rc8 18. Rac1 Rfd8 19. Qe2 Bh4 20. g3 Nxd3 21. Nxd3 Be7
22. Qg4 Qd7 23. Nxc6 Rxc6 24. Bd4 a5 25. b4 axb4 26. axb4 Ra6 27. Ra1 Rda8 28.
Rxa6 Rxa6 29. f5 Bf8 30. f6 g6 31. Nf4 Kh7 32. h4 Qe8 33. Qe2 Qa8 34. Qd3 Ra1
35. Rb1 Qa2 36. Rxa1 Qxa1+ 37. Kh2 Qa2+ 38. Kh3 Qc4 39. Qb1 Kg8 40. Qa1 g5 41.
hxg5 hxg5 42. Ng2 Qe2 43. Kh2 Qh5+ 44. Kg1 Qf3 45. Kh2 Qh5+ 46. Kg1 Qf3 47. Qf1
Qe4 48. Qxb5 Qb1+ 49. Kh2 Qh7+ 50. Kg1 Qb1+ 51. Qf1 Qa2 52. Qd3 Qa4 53. Qe2 Ba6
54. Qh5 Qa1+ 55. Kh2 Qc1 56. Be3 Qxc3 57. Qxg5+ Kh8 58. Bc5 1-0

[Event "Liga Madrileña - DH 2011-2012"]
[Site "Madrid ESP"]
[Date "2011.12.18"]
[Round "5.46"]
[White "Bermejo Arruego, Luis"]
[Black "Mansilla Tolosa, Luis"]
[Result "0-1"]
[WhiteElo "2171"]
[BlackElo "2070"]
[PlyCount "70"]
[EventDate "2011.11.13"]
[EventType "team"]
[EventRounds "14"]
[EventCountry "ESP"]
[Source "lmi"]
[SourceDate "2011.11.13"]
[WhiteTeam "64 Villalba"]
[BlackTeam "Moratalaz"]
[WhiteTeamCountry "ESP"]
[BlackTeamCountry "ESP"]

1. e4 c6 2. Nf3 d5 3. exd5 cxd5 4. Ne5 Nf6 5. d4 e6 6. c3 Be7 7. Nd2 O-O 8. Bd3
Nc6 9. f4 Ne8 10. O-O f5 11. Ndf3 Nf6 12. Nxc6 bxc6 13. b4 a5 14. Bd2 axb4 15.
cxb4 Ra3 16. Qc2 Qb6 17. Rfb1 Ne4 18. Bc1 Rc3 19. Qe2 Bf6 20. Be3 Ra3 21. Rb2
Nc3 22. Qc2 Nb5 23. Bxb5 Rxe3 24. Qxc6 Qxc6 25. Bxc6 Rxf3 26. gxf3 Bxd4+ 27.
Kg2 Bxb2 28. Rb1 Bd4 29. a4 Rd8 30. a5 Bc3 31. Rb3 d4 32. Bb5 Bd7 33. Bd3 Rb8
34. a6 Bc8 35. b5 Bxa6 0-1